000 01000nam a2200265Ia 4500
003 OSt
005 20220923211310.0
006 a|||||r|||| 00| 0
007 ta
008 220922b |||||||| |||| 00| 0 hin d
020 _a9788179755761 (hbk)
_c350
024 _a285,464
037 _b26, 02/02/2015, P. K. Books
_cTextual
040 _aARTS
_cARTS
_bhin
041 _2hin
_ahin
082 _aO152,1:g(Y15), Q5
100 _aपूनम कुमारी
_9156291
245 0 _aमध्यकालीन हिन्दी काव्य का स्त्री पक्ष
246 _aMadhyakālīn hindī kāvya kā strī pakṣha
260 _aनई दिल्ली
_b अनामिका पब्लिर्शस
_c2015
300 _a141पृ.
_ccm.
650 _aहिन्दी साहित्य
_9156264
942 _hO152,1:g(Y15), Q5
_cTEXL
_2CC
999 _c298237
_d298237